[Event "PRO League Group Stage"]
[Site "chess.com INT"]
[Date "2018.02.24"]
[Round "7"]
[White "Dreev, Aleksey"]
[Black "Kantans, Toms"]
[Result "1/2-1/2"]
[WhiteTitle "GM"]
[BlackTitle "GM"]
[WhiteElo "2653"]
[BlackElo "2478"]
[WhiteTeam "San Diego Surfers"]
[BlackTeam "Riga Magicians"]
[WhiteFideId "4100107"]
[BlackFideId "11602945"]
[EventDate "2018.01.18"]

1. d4 Nf6 2. Nf3 g6 3. g3 Bg7 4. Bg2 O-O 5. O-O d5 6. c4 c5 7. dxc5 dxc4 8. Qa4
Qd5 9. Be3 Ng4 10. Rd1 Qh5 11. Bg5 Nc6 12. Nc3 h6 13. Bd2 Qxc5 14. Ne4 Qb6 15.
Qxc4 Be6 16. Qc5 Qxb2 17. Rdb1 Qxa1 18. Rxa1 Bxa1 19. h3 Nf6 20. Nxf6+ Bxf6 21.
Bxh6 Rfd8 22. Bg5 Rac8 23. Bxf6 exf6 24. Qa3 b6 25. Qb2 f5 26. h4 Bd5 27. h5
Bxf3 28. Bxf3 Nd4 29. Kg2 Kh7 30. Qa3 Rc7 31. Qe3 Nxf3 32. Kxf3 Rd5 33. Qg5 Rd6
34. Qh4 Kg7 35. Qf4 Rcd7 36. Qe5+ f6 37. Qe8 gxh5 38. Qxh5 Rd5 39. Qe8 b5 40.
Qa8 Kf7 41. a3 Ke7 42. e3 Kf7 43. Qc6 a5 44. Qb6 a4 45. Qc6 Ke7 46. Qb6 R7d6 47.
Qb7+ Rd7 48. Qc6 R7d6 49. Qb7+ Rd7 50. Qc6 Kf7 51. Qb6 Kg6 52. Qe6 Kg7 53. Qc6
Kf7 54. Qb6 Re5 55. Qc6 Rde7 56. Qb6 Kg7 57. Qd6 Rf7 58. Qc6 Kg6 59. Qd6 Rfe7
60. Qc6 Kf7 61. Qd6 Rb7 62. Qc6 Rbe7 63. Qb6 Rd7 64. Qc6 Ke7 65. Qb6 Rd3 66.
Qb7+ Kd6 67. Qb6+ Ke7 68. Qc7+ Rd7 69. Qc6 Rd6 70. Qc7+ Ke6 71. Qb7 Rd3 72. Qc6+
Kf7 73. Qc7+ Re7 74. Qc5 Rb3 75. Qxf5 Rxa3 76. Qh7+ Ke8 77. Qg8+ Kd7 78. Qd5+
Ke8 79. Qg8+ Kd7 80. Qd5+ Ke8 81. Qg8+ Kd7 82. Qd5+ 1/2-1/2

[Event "PRO League Group Stage"]
[Site "chess.com INT"]
[Date "2018.02.24"]
[Round "7"]
[White "Dreev, Aleksey"]
[Black "Jobava, Baadur"]
[Result "1-0"]
[WhiteTitle "GM"]
[BlackTitle "GM"]
[WhiteElo "2653"]
[BlackElo "2690"]
[WhiteTeam "San Diego Surfers"]
[BlackTeam "Stockholm Snowballs"]
[WhiteFideId "4100107"]
[BlackFideId "13601520"]
[EventDate "2018.01.18"]

1. d4 d5 2. c4 c6 3. Nf3 Nf6 4. e3 g6 5. Nc3 Bg7 6. Bd3 O-O 7. O-O Nbd7 8. cxd5
Nxd5 9. Nxd5 cxd5 10. Qb3 Nf6 11. Bd2 Ne4 12. Bb4 a5 13. Ba3 b6 14. Rac1 Bb7 15.
Rc2 Nd6 16. Rfc1 Nc4 17. Bxc4 dxc4 18. Qxc4 Be4 19. Rc3 Bf6 20. Ne5 Bd5 21. Qb5
Bxa2 22. Nc6 Qe8 23. b3 a4 24. bxa4 Be6 25. h3 Kg7 26. e4 Bd7 27. Qb4 Bg5 28.
R1c2 f5 29. e5 Qf7 30. Nxe7 Rxa4 31. Qd6 Rxa3 32. Qxa3 Bxe7 33. Qa7 Rd8 34. Qb7
Qe6 35. Rc7 Kh6 36. d5 Qxe5 37. Rxd7 Rxd7 38. Qxd7 Bd6 39. g3 Qxd5 40. Qc6 Qd1+
41. Kg2 Bc5 42. Rc4 Qd2 43. Rf4 Kg5 44. h4+ Kh5 45. Qf6 Kh6 46. Qg5+ Kg7 47.
Rxf5 Qd6 48. Rf3 Qc6 49. Qe5+ Kh6 50. Qf4+ Kg7 51. h5 1-0

[Event "PRO League Group Stage"]
[Site "chess.com INT"]
[Date "2018.02.24"]
[Round "7"]
[White "Altounian, Levon"]
[Black "Bernotas, Arturs"]
[Result "0-1"]
[WhiteTitle "IM"]
[BlackTitle "FM"]
[WhiteElo "2443"]
[BlackElo "2430"]
[WhiteTeam "Las Vegas Desert Rats"]
[BlackTeam "Riga Magicians"]
[WhiteFideId "2011298"]
[BlackFideId "11601426"]
[EventDate "2018.01.18"]

1. e4 d5 2. exd5 Nf6 3. c4 c6 4. d4 cxd5 5. Nc3 g6 6. Qb3 Bg7 7. cxd5 O-O 8.
Nge2 Qb6 9. g3 Na6 10. Bg2 Qxb3 11. axb3 Rd8 12. O-O Nb4 13. Ra5 Bg4 14. Rb5 a5
15. Rxb7 Nfxd5 16. Nxd5 Nxd5 17. Nc3 Be6 18. Rd1 Rac8 19. Nxd5 Bxd5 20. Bxd5
Rxd5 21. Be3 e5 22. Rc1 Rxc1+ 23. Bxc1 h5 24. Bd2 exd4 25. Ra7 Rb5 26. Rxa5 Rxb3
27. Bc1 d3 28. Ra8+ Kh7 29. Rd8 Bf6 30. Rd7 Kg8 31. Kf1 Kf8 32. Ke1 Ke8 33. Rd5
Ke7 34. Bf4 g5 35. Bxg5 Ke6 36. Ra5 Bxb2 37. Ra6+ Kf5 38. Bd2 Bd4 39. Ra5+ Ke4
40. Kf1 Rb2 41. Bf4 Rxf2+ 42. Ke1 Rxh2 43. Ra4 Kd5 44. Kd1 Bc3 0-1

[Event "PRO League Group Stage"]
[Site "chess.com INT"]
[Date "2018.02.24"]
[Round "7"]
[White "Altounian, Levon"]
[Black "Blomqvist, Erik"]
[Result "1/2-1/2"]
[WhiteTitle "IM"]
[BlackTitle "GM"]
[WhiteElo "2443"]
[BlackElo "2502"]
[WhiteTeam "Las Vegas Desert Rats"]
[BlackTeam "Stockholm Snowballs"]
[WhiteFideId "2011298"]
[BlackFideId "1709437"]
[EventDate "2018.01.18"]

1. Nf3 d5 2. g3 Nf6 3. Bg2 e6 4. O-O Be7 5. c4 O-O 6. d4 Nbd7 7. Qc2 c6 8. Nbd2
b6 9. b3 a5 10. Bb2 Bb7 11. e4 Qb8 12. Rfe1 Rc8 13. Rac1 a4 14. Qb1 axb3 15.
axb3 Bb4 16. Bc3 Bxc3 17. Rxc3 c5 18. exd5 exd5 19. Rce3 Nf8 20. Qb2 h6 21. h3
Ra7 22. Ra1 Rxa1+ 23. Qxa1 Ne6 24. dxc5 bxc5 25. cxd5 Bxd5 26. Qe5 Qb7 27. Nc4
Ra8 28. Nd6 Qc7 29. Nf5 Qxe5 30. Nxe5 Ra1+ 31. Kh2 Bxg2 32. Kxg2 h5 33. Nd6 Nd5
34. Rd3 Nb4 35. Rc3 f6 36. Nd3 Nd5 37. Rc1 Rxc1 1/2-1/2

[Event "PRO League Group Stage"]
[Site "chess.com INT"]
[Date "2018.02.24"]
[Round "7"]
[White "Altounian, Levon"]
[Black "Ehlvest, Jaan"]
[Result "1-0"]
[WhiteTitle "IM"]
[BlackTitle "GM"]
[WhiteElo "2443"]
[BlackElo "2536"]
[WhiteTeam "Las Vegas Desert Rats"]
[BlackTeam "Estonia Horses"]
[WhiteFideId "2011298"]
[BlackFideId "4500016"]
[EventDate "2018.01.18"]

1. e4 g6 2. d4 Bg7 3. Nf3 d6 4. Bd3 Nf6 5. O-O O-O 6. Re1 c6 7. c3 Nbd7 8. a4 e5
9. Nbd2 Qc7 10. b3 b6 11. Ba3 Re8 12. Nc4 Bf8 13. Qd2 Bb7 14. dxe5 Nxe5 15.
Ncxe5 dxe5 16. Bxf8 Rxf8 17. Qg5 Nd7 18. Qh6 Nc5 19. Bc4 Ne6 20. h4 Qe7 21. Nxe5
Rad8 22. h5 b5 23. hxg6 hxg6 24. axb5 cxb5 25. Bd5 Bxd5 26. exd5 Rxd5 27. Nxg6
Qf6 28. Rxe6 fxe6 29. Rxa7 Qxf2+ 30. Kh2 Qxa7 31. Qxf8+ Kh7 32. Nf4 Rf5 33. Qd6
Qf7 34. Nxe6 Rh5+ 35. Kg1 Rh6 36. Ng5+ Kg7 37. Nxf7 1-0

[Event "PRO League Group Stage"]
[Site "chess.com INT"]
[Date "2018.02.24"]
[Round "7"]
[White "Altounian, Levon"]
[Black "Gorodetzky, David"]
[Result "0-1"]
[WhiteTitle "IM"]
[BlackTitle "FM"]
[WhiteElo "2443"]
[BlackElo "2411"]
[WhiteTeam "Las Vegas Desert Rats"]
[BlackTeam "London Towers"]
[WhiteFideId "2011298"]
[BlackFideId "2813416"]
[EventDate "2018.01.18"]

1. e4 e6 2. d4 d5 3. exd5 Qxd5 4. Nf3 Nf6 5. Be2 c5 6. Nc3 Qd8 7. O-O cxd4 8.
Qxd4 Qxd4 9. Nxd4 a6 10. Bf3 Nbd7 11. Bf4 Bc5 12. Nb3 Bb6 13. Bd6 Bd8 14. Rfd1
Ra7 15. Nc5 b6 16. Nxd7 Nxd7 17. Bc6 Bc7 18. Na4 Bxd6 19. Rxd6 Ke7 20. Rad1 b5
21. Bxd7 Rxd7 22. Rxd7+ Bxd7 23. Nc5 Bc8 24. f4 h6 25. Kf2 g5 26. g3 Rg8 27. Rd3
f6 28. fxg5 hxg5 29. a4 Rh8 30. Kg1 bxa4 31. Nxa4 e5 32. Nc5 Bf5 33. Ra3 Rd8 34.
Nd3 e4 35. Nb4 Rd2 36. c4 Be6 37. Nd5+ Bxd5 38. cxd5 Rxd5 39. Rxa6 Rd2 40. b4
Rb2 41. Rb6 f5 42. h4 f4 43. hxg5 f3 44. g6 e3 45. g7 Rg2+ 46. Kh1 Rxg3 47. Rb7+
Kf6 48. Kh2 Rg2+ 49. Kh3 e2 0-1

[Event "PRO League Group Stage"]
[Site "chess.com INT"]
[Date "2018.02.24"]
[Round "7"]
[White "Iturrizaga Bonelli, Eduardo"]
[Black "Ghasi, Ameet K"]
[Result "1-0"]
[WhiteTitle "GM"]
[BlackTitle "IM"]
[WhiteElo "2650"]
[BlackElo "2475"]
[WhiteTeam "Miami Champions"]
[BlackTeam "London Towers"]
[WhiteFideId "3901211"]
[BlackFideId "409200"]
[EventDate "2018.01.18"]

1. Nf3 Nf6 2. c4 g6 3. g3 Bg7 4. Bg2 O-O 5. O-O c6 6. b3 d5 7. Bb2 Bg4 8. d3
Nbd7 9. Nbd2 Ne8 10. d4 Nef6 11. h3 Bf5 12. Nh4 Be6 13. f4 Nb6 14. c5 Nbd7 15.
g4 Nb8 16. e3 b6 17. Rc1 Bc8 18. Nhf3 Nfd7 19. Qc2 Ba6 20. Rfe1 bxc5 21. dxc5
Bxb2 22. Qxb2 Qc7 23. e4 e6 24. f5 exf5 25. exf5 Qd8 26. g5 gxf5 27. Qd4 f6 28.
h4 Bc8 29. Qf4 Na6 30. b4 Nc7 31. Qd6 Ne5 32. Nxe5 fxe5 33. Rxe5 Bd7 34. Re7 Rf7
35. Rxf7 Kxf7 36. Nf3 Be8 37. Ne5+ Kg7 38. Nxc6 Bxc6 39. Qxc6 Qe7 40. Kh1 Rb8
41. a3 d4 42. Qd6 Qxd6 43. cxd6 Nb5 44. Rd1 Nxd6 45. Rxd4 Rd8 46. Rd5 Kf7 47. a4
Ke6 48. Rc5 Rd7 49. b5 Re7 50. a5 Rf7 51. Bd5+ 1-0

[Event "PRO League Group Stage"]
[Site "chess.com INT"]
[Date "2018.02.24"]
[Round "7"]
[White "Iturrizaga Bonelli, Eduardo"]
[Black "Guseinov, Gadir"]
[Result "1/2-1/2"]
[WhiteTitle "GM"]
[BlackTitle "GM"]
[WhiteElo "2650"]
[BlackElo "2646"]
[WhiteTeam "Miami Champions"]
[BlackTeam "Estonia Horses"]
[WhiteFideId "3901211"]
[BlackFideId "13401378"]
[EventDate "2018.01.18"]

1. Nf3 g6 2. c4 Bg7 3. Nc3 d6 4. g3 e5 5. Bg2 f5 6. O-O Nf6 7. d3 O-O 8. Ne1 h6
9. b4 Nc6 10. b5 Ne7 11. Qd2 g5 12. f4 gxf4 13. gxf4 Ng6 14. e3 Kh7 15. Bb2 Nh4
16. Bh3 c6 17. Ng2 Nxg2 18. Bxg2 Qe8 19. bxc6 bxc6 20. Ba3 Qe7 21. fxe5 Qxe5 22.
d4 Qe7 23. Bxc6 Rb8 24. Nd5 Nxd5 25. Bxd5 Be6 26. Bxe6 Qxe6 27. Qd3 Rf7 28. Rf3
d5 29. cxd5 Qxd5 30. Raf1 Rg8 31. Rg3 Kh8 32. Qb3 Qxb3 33. axb3 Rb8 34. b4 Bf8
35. Rgf3 Rb5 36. Bb2 Bxb4 37. d5+ Kh7 38. Rxf5 Rxf5 39. Rxf5 Bc5 40. Bd4 Bxd4
41. exd4 Kg6 42. Re5 Rb4 43. Re6+ Kf5 44. Rxh6 Rxd4 45. Ra6 Rxd5 46. Rxa7 Kg4
47. Ra4+ Kh3 48. Ra3+ Kh4 49. Ra2 Rg5+ 50. Kh1 Rg4 51. Ra8 1/2-1/2

[Event "PRO League Group Stage"]
[Site "chess.com INT"]
[Date "2018.02.24"]
[Round "7"]
[White "Iturrizaga Bonelli, Eduardo"]
[Black "Kantans, Toms"]
[Result "1-0"]
[WhiteTitle "GM"]
[BlackTitle "GM"]
[WhiteElo "2650"]
[BlackElo "2478"]
[WhiteTeam "Miami Champions"]
[BlackTeam "Riga Magicians"]
[WhiteFideId "3901211"]
[BlackFideId "11602945"]
[EventDate "2018.01.18"]

1. Nf3 Nf6 2. c4 c5 3. g3 g6 4. Bg2 Bg7 5. O-O O-O 6. Nc3 Nc6 7. d4 d5 8. cxd5
Nxd5 9. Nxd5 Qxd5 10. Be3 Rd8 11. Qa4 Bd7 12. dxc5 e5 13. Ng5 e4 14. Qxe4 Qxe4
15. Nxe4 Nb4 16. Bg5 Re8 17. a3 Nc2 18. Rad1 Bc6 19. Nf6+ Bxf6 20. Bxf6 Bxg2 21.
Kxg2 Rxe2 22. Kf3 Re6 23. Bc3 1-0

[Event "PRO League Group Stage"]
[Site "chess.com INT"]
[Date "2018.02.24"]
[Round "7"]
[White "Iturrizaga Bonelli, Eduardo"]
[Black "Jobava, Baadur"]
[Result "0-1"]
[WhiteTitle "GM"]
[BlackTitle "GM"]
[WhiteElo "2650"]
[BlackElo "2690"]
[WhiteTeam "Miami Champions"]
[BlackTeam "Stockholm Snowballs"]
[WhiteFideId "3901211"]
[BlackFideId "13601520"]
[EventDate "2018.01.18"]

1. Nf3 d5 2. c4 c6 3. e3 Nf6 4. Nc3 g6 5. d4 Bg7 6. h3 O-O 7. Bd3 Nbd7 8. O-O
dxc4 9. Bxc4 Nb6 10. Bb3 Bf5 11. Qe2 Nbd5 12. Ne5 a5 13. Nxd5 cxd5 14. Qb5 Qd6
15. Bd2 b6 16. Rfc1 Rfc8 17. Rxc8+ Rxc8 18. Rc1 Rxc1+ 19. Bxc1 h5 20. Bd2 Be6
21. f3 h4 22. Be1 Bh6 23. Bf2 Kg7 24. Qe2 g5 25. Qc2 Kg8 26. a3 Bg7 27. Ba4 Nh5
28. Qc6 Bxe5 29. dxe5 Qxe5 30. Qxb6 Ng3 31. Qd8+ Kh7 32. Qb6 d4 33. Bc2+ Bf5 34.
exd4 Qe2 35. Bxf5+ Kg7 36. Bd3 Qd1+ 0-1

[Event "PRO League Group Stage"]
[Site "chess.com INT"]
[Date "2018.02.24"]
[Round "7"]
[White "Izoria, Zviad"]
[Black "Hauge, Lars Oskar"]
[Result "1-0"]
[WhiteTitle "GM"]
[BlackTitle "IM"]
[WhiteElo "2599"]
[BlackElo "2436"]
[WhiteTeam "San Jose Hackers"]
[BlackTeam "Oslo Trolls"]
[WhiteFideId "13601733"]
[BlackFideId "1509276"]
[EventDate "2018.01.18"]

1. Nf3 Nf6 2. c4 g6 3. g3 Bg7 4. Bg2 O-O 5. O-O c5 6. Nc3 d6 7. d4 Nc6 8. dxc5
dxc5 9. Bf4 Be6 10. Ne5 Nxe5 11. Bxe5 Bxc4 12. Bxb7 Qxd1 13. Rfxd1 Rad8 14. b3
Be6 15. Rac1 Rxd1+ 16. Nxd1 Nd7 17. Bxg7 Kxg7 18. Ne3 Rb8 19. Bc6 Rc8 20. Bxd7
Bxd7 21. f4 Be6 22. Kf2 Kf8 23. Nc4 Ke8 24. Ke3 Kd7 25. Ne5+ Ke8 26. Nf3 Kd7 27.
Ng5 Bd5 28. Ne4 Bxe4 29. Kxe4 Ke6 30. Rc4 Rc6 31. Ra4 a6 32. Kd3 Kd6 33. Kc3 Kc7
34. Re4 e6 35. Re3 Kb6 36. Rd3 Rc7 37. Rd6+ Kb7 38. Kc4 h5 39. e4 Ka7 40. f5
gxf5 41. exf5 exf5 42. Rf6 Re7 43. Rxf5 Re2 44. Rxf7+ Kb6 45. Rf6+ Kb7 46. h4
Rxa2 47. Kxc5 Rc2+ 48. Kd4 Rd2+ 49. Kc4 Rc2+ 50. Kd3 Rb2 51. Kc3 Re2 52. Rg6
Re3+ 53. Kc4 Rf3 54. b4 Ka7 55. b5 axb5+ 56. Kxb5 Kb7 57. Kc5 Kc7 58. Kd5 Kd7
59. Ke4 Ra3 60. Kf4 Ke7 61. Rg5 Kf6 62. Rxh5 Ra4+ 63. Kf3 Ra3+ 64. Kg2 Kg6 65.
Rg5+ Kh6 66. Rf5 Ra4 67. Rf4 Ra3 68. g4 Rb3 69. Rf6+ Kh7 70. g5 Kg7 71. Rf3 Rb1
72. Kh3 Kg6 73. Rf6+ Kg7 74. Kg4 Rb4+ 75. Kh5 Rb7 76. Ra6 Rc7 77. Ra4 Rb7 78.
Kg4 Rc7 79. h5 Rb7 80. h6+ Kh7 81. Kh5 Rb8 82. g6+ Kh8 83. Ra5 Rc8 84. h7 Ra8
85. Rxa8+ 1-0

[Event "PRO League Group Stage"]
[Site "chess.com INT"]
[Date "2018.02.24"]
[Round "7"]
[White "Izoria, Zviad"]
[Black "Haria, Ravi"]
[Result "1/2-1/2"]
[WhiteTitle "GM"]
[BlackTitle "IM"]
[WhiteElo "2599"]
[BlackElo "2374"]
[WhiteTeam "San Jose Hackers"]
[BlackTeam "London Lions"]
[WhiteFideId "13601733"]
[BlackFideId "415820"]
[EventDate "2018.01.18"]

1. c4 e6 2. Nf3 d5 3. d4 a6 4. c5 b6 5. cxb6 cxb6 6. Nc3 Bd6 7. Bg5 Nf6 8. e3
O-O 9. Bd3 Nbd7 10. Qc2 h6 11. Bf4 Qc7 12. Bxd6 Qxd6 13. O-O Bb7 14. Rfc1 e5 15.
dxe5 Nxe5 16. Be2 Neg4 17. Rd1 Qc7 18. h3 Ne5 19. Rac1 Rac8 20. Qf5 Nxf3+ 21.
Bxf3 Qd6 22. Rd4 Rfd8 23. Rcd1 Qe6 24. Qd3 Rc7 25. e4 Rcd7 26. exd5 Qe5 27. a4
Rd6 28. Qe3 Qf5 29. Ne4 Nxe4 30. Rxe4 Qf6 31. Re5 g6 32. b4 Kg7 33. Qd4 h5 34.
h4 R8d7 35. g3 Re6 36. Re3 Qxd4 37. Rxd4 Rxe3 38. fxe3 Kf6 39. e4 Ke5 40. Rc4 f5
41. exf5 gxf5 42. Bxh5 Bxd5 43. Rc3 f4 44. gxf4+ Kxf4 45. Be2 a5 46. bxa5 bxa5
47. Kf2 Rg7 48. h5 Rg2+ 49. Ke1 Rh2 50. Kd1 Be4 51. Ke1 Ke5 52. Kd2 Kd4 53. Rc4+
Kd5 54. Rc3 Kd4 55. Rc4+ Kd5 56. Rc3 Kd4 1/2-1/2

[Event "PRO League Group Stage"]
[Site "chess.com INT"]
[Date "2018.02.24"]
[Round "7"]
[White "Izoria, Zviad"]
[Black "Ducarmon, Quinten"]
[Result "1-0"]
[WhiteTitle "GM"]
[BlackTitle "IM"]
[WhiteElo "2599"]
[BlackElo "2472"]
[WhiteTeam "San Jose Hackers"]
[BlackTeam "Amsterdam Mosquitoes"]
[WhiteFideId "13601733"]
[BlackFideId "1025007"]
[EventDate "2018.01.18"]

1. Nf3 d5 2. g3 c6 3. Bg2 Nf6 4. O-O Bf5 5. d3 e6 6. Nh4 Bg4 7. h3 Bh5 8. f4
Bc5+ 9. Kh1 Nfd7 10. Qe1 Be7 11. Nf3 f6 12. e4 O-O 13. Nc3 Re8 14. g4 Bf7 15. e5
c5 16. Nxd5 exd5 17. e6 Bg6 18. exd7 Qxd7 19. f5 Bf7 20. Qg3 Bd6 21. Bf4 Bxf4
22. Qxf4 Nc6 23. g5 Re2 24. gxf6 gxf6 25. Rg1 Kh8 26. Bf1 Rf2 27. Qg3 1-0

[Event "PRO League Group Stage"]
[Site "chess.com INT"]
[Date "2018.02.24"]
[Round "7"]
[White "Izoria, Zviad"]
[Black "Li, Ruifeng"]
[Result "1/2-1/2"]
[WhiteTitle "GM"]
[BlackTitle "GM"]
[WhiteElo "2599"]
[BlackElo "2576"]
[WhiteTeam "San Jose Hackers"]
[BlackTeam "Norway Gnomes"]
[WhiteFideId "13601733"]
[BlackFideId "2061074"]
[EventDate "2018.01.18"]

1. c4 e5 2. Nc3 Nc6 3. g3 g6 4. Bg2 Bg7 5. d3 Nge7 6. Rb1 O-O 7. b4 a6 8. e3 d6
9. Nge2 Be6 10. Nd5 Qd7 11. O-O f5 12. a4 Bf7 13. b5 axb5 14. axb5 Nd8 15. Nec3
Nxd5 16. Nxd5 Ne6 17. Bd2 Nc5 18. Bb4 Rab8 19. Qc2 Kh8 20. Ra1 Bxd5 21. Bxd5 c6
22. Bg2 cxb5 23. Bxc5 dxc5 24. cxb5 Qxb5 25. Rfb1 Qd7 26. Ra7 f4 27. Rbxb7 Rxb7
28. Rxb7 Qd6 29. Be4 fxe3 30. fxe3 Bh6 31. Qe2 c4 32. dxc4 Bxe3+ 33. Kh1 Qd4 34.
Qd3 1/2-1/2

[Event "PRO League Group Stage"]
[Site "chess.com INT"]
[Date "2018.02.24"]
[Round "7"]
[White "Banawa, Joel"]
[Black "Admiraal, Miguoel"]
[Result "0-1"]
[WhiteTitle "IM"]
[BlackTitle "IM"]
[WhiteElo "2397"]
[BlackElo "2453"]
[WhiteTeam "Las Vegas Desert Rats"]
[BlackTeam "Amsterdam Mosquitoes"]
[WhiteFideId "2024055"]
[BlackFideId "1019716"]
[EventDate "2018.01.18"]

1. d4 e6 2. c4 b6 3. Nf3 Bb7 4. g3 Bb4+ 5. Bd2 Bxf3 6. exf3 Bxd2+ 7. Qxd2 d5 8.
Nc3 Ne7 9. cxd5 exd5 10. Bg2 O-O 11. O-O Nd7 12. f4 Nf6 13. Rfe1 a5 14. Rac1 c6
15. Qd3 a4 16. a3 Nc8 17. Na2 Qd7 18. Nb4 Ne7 19. Rc3 Rfc8 20. Rec1 h5 21. Qc2
c5 22. dxc5 bxc5 23. Rxc5 Rxc5 24. Qxc5 Rc8 25. Qe3 Rxc1+ 26. Qxc1 d4 27. Qc4 h4
28. Nd3 Ng6 29. Qc5 h3 30. Bc6 Qg4 31. Qc2 Qe6 32. Bb7 Ne7 33. Ne5 Nfd5 34. Qxa4
f6 35. Qe8+ Kh7 36. Qh5+ Kg8 37. Nd3 Qe4 38. Qxh3 Qxd3 39. Qe6+ Kf8 40. Bxd5
Nxd5 41. Qxd5 Qd1+ 42. Kg2 d3 43. Qd8+ Kf7 44. Qd7+ Kg8 45. Qd5+ Kf8 46. Qd8+
Kf7 47. Qd7+ Kg8 48. Qd5+ Kh7 49. Qf5+ Kh6 50. Qh3+ Kg6 51. Qd7 d2 52. f5+ Kh7
53. Qd3 Qe1 0-1

[Event "PRO League Group Stage"]
[Site "chess.com INT"]
[Date "2018.02.24"]
[Round "7"]
[White "Banawa, Joel"]
[Black "Cooper, Lawrence H"]
[Result "1/2-1/2"]
[WhiteTitle "IM"]
[BlackTitle "IM"]
[WhiteElo "2397"]
[BlackElo "2347"]
[WhiteTeam "Las Vegas Desert Rats"]
[BlackTeam "London Lions"]
[WhiteFideId "2024055"]
[BlackFideId "401536"]
[EventDate "2018.01.18"]

1. d4 d5 2. c4 c6 3. Nc3 Nf6 4. e3 g6 5. Nf3 Bg7 6. Be2 O-O 7. O-O Bg4 8. cxd5
cxd5 9. Qb3 b6 10. h3 Bxf3 11. Bxf3 e6 12. Be2 Nc6 13. Bd2 Na5 14. Qa4 a6 15.
Rfc1 b5 16. Qd1 Nc4 17. Rab1 Nxd2 18. Qxd2 Qd6 19. Bd3 Rfc8 20. Ne2 Qb6 21. Rc2
Ne8 22. Rbc1 Nd6 23. b3 Rxc2 24. Rxc2 Rc8 25. Rxc8+ Nxc8 26. Qc3 Ne7 27. Kf1 Nc6
28. Nf4 Bf8 29. Be2 Bb4 30. Qc2 Bd6 31. Nd3 Nb4 32. Qc8+ Kg7 33. Nxb4 Bxb4 34.
Qc2 1/2-1/2

[Event "PRO League Group Stage"]
[Site "chess.com INT"]
[Date "2018.02.24"]
[Round "7"]
[White "Banawa, Joel"]
[Black "Gonzalez, Francisco Silva"]
[Result "1/2-1/2"]
[WhiteTitle "IM"]
[WhiteElo "2397"]
[BlackElo "2076"]
[WhiteTeam "Las Vegas Desert Rats"]
[BlackTeam "Norway Gnomes"]
[WhiteFideId "2024055"]
[BlackFideId "1512285"]
[EventDate "2018.01.18"]

1. d4 Nf6 2. c4 e6 3. Nf3 d5 4. g3 dxc4 5. Bg2 Nc6 6. Qa4 Bb4+ 7. Bd2 Nd5 8.
Bxb4 Nxb4 9. a3 b5 10. Qd1 Nd5 11. O-O Bb7 12. e4 Nb6 13. Nc3 a6 14. d5 exd5 15.
exd5 Ne7 16. Nd4 Nbxd5 17. Nxd5 Bxd5 18. Bxd5 Qxd5 19. Re1 O-O 20. Nxb5 Qxb5 21.
Rxe7 Qxb2 22. Qc1 Qf6 23. Re4 Rab8 24. Rxc4 Rb2 25. Rf4 Qb6 26. Qc4 g6 27. Rd1
Rb1 28. Rxb1 Qxb1+ 29. Kg2 Qb7+ 30. Rf3 h5 31. h3 a5 32. g4 hxg4 33. hxg4 Qb6
34. g5 Qb7 35. Kg3 Qb8 36. Rf6 c5+ 37. f4 Kg7 38. Qc3 Kg8 39. Qc4 Kg7 40. Qc3
Kg8 41. Qc4 Kg7 1/2-1/2

[Event "PRO League Group Stage"]
[Site "chess.com INT"]
[Date "2018.02.24"]
[Round "7"]
[White "Xiong, Jeffery"]
[Black "Adhiban, Baskaran"]
[Result "1/2-1/2"]
[WhiteTitle "GM"]
[BlackTitle "GM"]
[WhiteElo "2634"]
[BlackElo "2655"]
[WhiteTeam "Dallas Destiny"]
[BlackTeam "Mumbai Movers"]
[WhiteFideId "2047640"]
[BlackFideId "5018471"]
[EventDate "2018.01.18"]

1. d4 Nf6 2. c4 e6 3. Nf3 Bb4+ 4. Bd2 c5 5. Bxb4 cxb4 6. g3 O-O 7. Bg2 a5 8. O-O
d6 9. a3 Na6 10. Nbd2 Qc7 11. Rc1 Rd8 12. e3 b6 13. Ne1 Bb7 14. Bxb7 Qxb7 15.
Nd3 bxa3 16. bxa3 h5 17. Qf3 Qxf3 18. Nxf3 Rdc8 19. Nd2 d5 20. Ne5 Ra7 21. Rb1
Nb8 22. Rxb6 Nfd7 23. Rb5 Nxe5 24. dxe5 dxc4 25. Nxc4 Rxc4 26. Rxb8+ Kh7 27. Rd1
Rc5 28. Rd4 1/2-1/2

[Event "PRO League Group Stage"]
[Site "chess.com INT"]
[Date "2018.02.24"]
[Round "7"]
[White "Xiong, Jeffery"]
[Black "Lenic, Luka"]
[Result "1-0"]
[WhiteTitle "GM"]
[BlackTitle "GM"]
[WhiteElo "2634"]
[BlackElo "2662"]
[WhiteTeam "Dallas Destiny"]
[BlackTeam "Ljubljana Turtles"]
[WhiteFideId "2047640"]
[BlackFideId "14603853"]
[EventDate "2018.01.18"]

1. d4 Nf6 2. c4 e6 3. Nf3 d5 4. g3 dxc4 5. Bg2 c6 6. a4 c5 7. O-O Bd7 8. Na3 Bc6
9. Nxc4 Bd5 10. b3 Nc6 11. Bb2 Be7 12. dxc5 Bxc5 13. Rc1 O-O 14. Ncd2 Bxf3 15.
Bxf3 Bd4 16. Ba3 Re8 17. Nc4 Ne5 18. Bxb7 Nxc4 19. bxc4 Rb8 20. Bc6 Bb2 21. Bxb2
Rxb2 22. Bxe8 Qxe8 23. c5 1-0

[Event "PRO League Group Stage"]
[Site "chess.com INT"]
[Date "2018.02.24"]
[Round "7"]
[White "Xiong, Jeffery"]
[Black "Cornette, Matthieu"]
[Result "1-0"]
[WhiteTitle "GM"]
[BlackTitle "GM"]
[WhiteElo "2634"]
[BlackElo "2611"]
[WhiteTeam "Dallas Destiny"]
[BlackTeam "Cannes Blockbusters"]
[WhiteFideId "2047640"]
[BlackFideId "620084"]
[EventDate "2018.01.18"]

1. d4 Nf6 2. c4 e6 3. Nf3 d5 4. g3 dxc4 5. Bg2 a6 6. O-O Nc6 7. Bg5 Be7 8. e3
O-O 9. Nbd2 e5 10. Nxe5 Nxe5 11. dxe5 Ng4 12. Bxe7 Qxe7 13. Nxc4 Nxe5 14. Qd4
Nxc4 15. Qxc4 Be6 16. Qc3 c6 17. a4 a5 18. Rfd1 Qb4 19. Rd4 Qxc3 20. bxc3 Rfd8
21. Rb1 c5 22. Rxd8+ Rxd8 23. Bxb7 h5 24. Bf3 g6 25. Rb5 Rd2 26. Rxc5 Bh3 27.
Rxa5 Rc2 28. Rd5 Rxc3 29. Bd1 Ra3 30. Rd2 Kg7 31. e4 g5 32. f3 g4 33. f4 Re3 34.
Kf2 Rxe4 35. a5 Rb4 36. Ra2 1-0

[Event "PRO League Group Stage"]
[Site "chess.com INT"]
[Date "2018.02.24"]
[Round "7"]
[White "Xiong, Jeffery"]
[Black "Andriasian, Zaven"]
[Result "1/2-1/2"]
[WhiteTitle "GM"]
[BlackTitle "GM"]
[WhiteElo "2634"]
[BlackElo "2585"]
[WhiteTeam "Dallas Destiny"]
[BlackTeam "Armenia Eagles"]
[WhiteFideId "2047640"]
[BlackFideId "13302000"]
[EventDate "2018.01.18"]

1. d4 d5 2. c4 c6 3. Nf3 Nf6 4. cxd5 cxd5 5. Nc3 Nc6 6. Bf4 Bf5 7. Qb3 Na5 8.
Qa4+ Bd7 9. Qc2 e6 10. e3 Rc8 11. Bd3 Nc6 12. a3 Nh5 13. Bg5 Qb6 14. Bxh7 Bd6
15. Bd3 f6 16. Bg6+ Kd8 17. Bh4 Ne7 18. Bxh5 Rxh5 19. O-O Nf5 20. Bg3 Nxg3 21.
fxg3 Rh6 22. g4 g5 23. Rae1 1/2-1/2